| 000 | 01078nam0a22003371 4500 | ||
|---|---|---|---|
| 001 | v19\rc\1960799 | ||
| 005 | 20251118181008.2 | ||
| 035 | _a(NLR Aleph) 005044612 | ||
| 090 |
_a6829941 _c6829941 |
||
| 100 | _a20251123 rusy50 | ||
| 101 | 0 | _arus | |
| 102 | _aRU | ||
| 105 | _aac z ||||| | ||
| 200 | 1 |
_aСтолица России _e(Нечто вроде моногр.) _fПод ред. А. и Б. |
|
| 210 |
_aСанкт-Петербург _cМ.Г. Корнфельд _d1913 (обл. 1912) |
||
| 215 |
_a64 с. _cил., портр. _d23 |
||
| 311 | _aБеспл. премия к "Синему журн." за 1912 г. | ||
| 422 | 0 |
_12001#$aСиний журнал$v1912 _tСиний журнал |
|
| 702 | 0 |
_aА. _4340 |
|
| 702 | 0 |
_aБ. _4340 |
|
| 801 | 0 |
_aRU _bNLR _gpsbo |
|
| 801 | 0 |
_aRU _bRuMoRGB _2psbo |
|
| 801 | 1 |
_aRU _bProSoft-M _2rusmarc |
|
| 852 |
_aNLR _j20.100.7.240 |
||
| 852 |
_aNLR _bМф _jК1/21932 |
||
| 899 |
_aRuMoRGB _jF 109/710 |
||
| 899 |
_aRuMoRGB _jC 38/623 |
||
| 899 | _aБАН | ||
| 899 | _aНБ СПбГУ | ||
| 942 | _cBOOK | ||
| 980 | _aNB | ||